Valoración del impacto socioeconómico de la variabilidad climática en pesca y turismo = Socio-economic impact assessment of climate variability in fisherin and tourism /
Tallennettuna:
| Päätekijä: | |
|---|---|
| Aineistotyyppi: | Teksti |
| Tagit: |
Lisää tagi
Ei tageja, Lisää ensimmäinen tagi!
|
MARC
| LEADER | 00000 a a2200000 04500 | ||
|---|---|---|---|
| 001 | 48572 | ||
| 003 | |||
| 040 | |||
| 100 | |a Moreno Díaz, Mary Luz | ||
| 245 | |a Valoración del impacto socioeconómico de la variabilidad climática en pesca y turismo = |b Socio-economic impact assessment of climate variability in fisherin and tourism / |c Mary Luz Moreno Díaz | ||
| 773 | |g número147, (2015), páginas 73-83 | ||
| 999 | |c 25863 |d 25863 | ||
| 773 | 0 | |0 18728 |9 1627 |a Universidad de Costa Rica |d San José, Costa Rica Editorial UCR 1956- |o 18143 |t Revista de Ciencias Sociales/ |x 04825276 | |
